000 00476nam a2200181Ia 4500
001 19671
005 20260306172710.0
008 260306t2007||||xx |||||||||||||| ||spa||
041 _aESP
082 _a341
_bB24
100 _aBarzotto, Luis Fernando
_eAUT
245 0 _aO positivismo jurídico contemporaneo:
_buma introduçao a Kelsen, Ross e Hart
260 _c2007
300 _a138 páginas :
_c23 cm.
650 _aGEN
654 _aCDE
942 _cLIB
_dJUS
_fJUS
_2ddc
_n
999 _c19671
_d19671